Multi-Category Letter Board IV Quiz Stats

 Plays Quiz Updated Aug 20, 2017

Challenge
Share
Tweet
Score 0/26 Timer 06:00
6 Plays Today
% Correct
Queensland
81.6%
Slytherin
79.5%
Ulysses
78.5%
Hufflepuff
78%
X-Ray
77.1%
Ravenclaw
75.3%
Brown
University
75.1%
Dartmouth
College
74.7%
Zachary
74.6%
Frasier
67.6%
Jafar
63.1%
Albania
61.7%
Inky
60.9%
% Correct
Visible Light
59.6%
Pinky
59.5%
Turkey
59.2%
Lyndon
56.2%
Kosovo
55.3%
New South Wales
53.5%
Clyde
47.9%
Western Australia
43.6%
Gaston
36.9%
Microwave
33.9%
Everybody
Loves
Raymond
29.3%
Yzma
27.7%
The Office
24.3%

You're not logged in!

Compare scores with friends on all Sporcle quizzes.
Join for Free
OR
Log In

You Might Also Like...

Show Comments

Extras

Top Quizzes Today


Score Distribution

Your Account Isn't Verified!

In order to create a playlist on Sporcle, you need to verify the email address you used during registration. Go to your Sporcle Settings to finish the process.

Report this User

Report this user for behavior that violates our Community Guidelines.

Details: